00725 2200217 4500001002100000005001500021035002000036008004100056245005100097100002100148260002600169300002300195020001800218084001400236520020000250082000800450650001600458990001100474990001100485990001100496INLIS00000000000274520211129102612 a0010-0621002345211129 g 0 ind 1 aKalkulasi Farmasetik :bPanduan Untuk Apoteker1 aAnsel, Howard C. aJakarta :bEGC,c2006 a274 hlm. ;c21 cm. a979-448-761-9 a615 ANS k aKALKULASI FARMASETIK PANDUAN UNTUK APOTEKER Buku ini merupakan acuan penting untuk mahasiswa farmasi dan praktisi farmasi yang ingin memperoleh akses cepat ke semua bidang perhitungan farmasetik. a615 4aFarmakologi a026260 a026261 a026262